| 000 | 01266nam0a22002891 4500 | ||
|---|---|---|---|
| 001 | rc\256762 | ||
| 005 | 20260503053301.0 | ||
| 035 | _a(NLR Aleph) 005528352 | ||
| 090 |
_a5582499 _c5582499 |
||
| 100 | _a20030307d1990 |||y0rusy50 ca | ||
| 101 | 0 | _arus | |
| 102 | _aRU | ||
| 105 | _ay ||||||||| | ||
| 200 | 1 |
_aНа путях социалистического строительства _eМежвуз. сб. науч. тр. _fПерм. гос. ун-т им. А.М. Горького _g[Редкол.: В.Ф. Попов (гл. ред.) и др.] |
|
| 210 |
_aПермь _cПГУ _d1990 |
||
| 215 |
_a168, [2] с. _d20 |
||
| 300 | _aЗагл. обл.: На путях строительства социализма | ||
| 320 | _aБиблиогр. в примеч. в конце ст. | ||
| 512 | 0 | _aНа путях строительства социализма | |
| 700 | 1 |
_4340 _aПопов _bВ. Ф. _cд-р ист. наук _f1929-1992 _gВладимир Федорович _9127634 _3RU\NLR\AUTH\770127659 |
|
| 712 | 0 | 2 |
_aПермский государственный университет _9377407 _3RU\NLR\AUTH\889941282 |
| 801 | 0 |
_aRU _bNLR _gpsbo |
|
| 801 | 1 |
_aRU _bELAR _2rusmarc |
|
| 852 |
_aNLR _j90-3/9510 |
||
| 942 | _cBOOK | ||
| 980 | _aNB | ||